Собрание сочинений. 4.: Подземелья Ватикана (Запись № 13480138)

Подробности
000 -МАРКЕР
контрольное поле 00760nam2a22002171 4500
001 - ИДЕНТИФИКАТОР ЗАПИСИ
контрольное поле RU\NLR\A1SV\43623
005 - ИДЕНТИФИКАТОР ВЕРСИИ
контрольное поле 20260327103452.0
035 ## - ДРУГИЕ СИСТЕМНЫЕ НОМЕРА
Идентификатор записи (NLR Aleph) 009725809
100 ## - ДАННЫЕ ОБЩЕЙ ОБРАБОТКИ
Данные общей обработки 20020815d1927 u y0rusy50 ca
101 1# - ЯЗЫК РЕСУРСА
Язык текста, звукозаписи и т.д. русский
Язык оригинала французский
200 1# - ЗАГЛАВИЕ И СВЕДЕНИЯ ОБ ОТВЕТСТВЕННОСТИ
Основное заглавие Подземелья Ватикана
Параллельное заглавие (Les caves du Vatican)
Сведения, относящиеся к заглавию Небылица
Первые сведения об ответственности Пер. М.Лозинского
210 ## - ПУБЛИКАЦИЯ, РАСПРОСТРАНЕНИЕ И ДР.
Дата издания, распространения и т.д. 1927
215 ## - ФИЗИЧЕСКАЯ ХАРАКТЕРИСТИКА
Специфическое обозначение материала и объем 316, [1] с., 1 л. фронт. (ил.)
461 #1 - УРОВЕНЬ НАБОРА
Встроенное поле 001RU\NLR\A1SV\43621
-- 2000#$v4.
Системный номер (АБИС) связанной записи 9890304
Автор Жид, А. (1869-1951)
Место публикации Л.
Дата публикации 1926-1927
Первые сведения об ответственности Андре Жид
Имя издателя, распространителя и т.д. Academia
Заглавие Собрание сочинений
Номер тома 4.
801 #0 - ИСТОЧНИК ЗАПИСИ
Страна Российская Федерация
Организация NLR
Дата составления 20020815
852 ## - МЕСТОНАХОЖДЕНИЕ И ШИФР ХРАНЕНИЯ
Идентификатор организации NLR
Шифр хранения (Call Number) 49/480(4)
942 ## - ДОПОЛНИТЕЛЬНЫЕ ЭЛЕМЕНТЫ ЗАПИСИ (АБИС)
Тип экземпляра АБИС Книга
980 ## - КОЛЛЕКЦИЯ
Название коллекции Международный сводный каталог русской книги (1918-1926)
980 ## - КОЛЛЕКЦИЯ
Название коллекции Национальная библиография

Нет доступных экземпляров.